000 01071cab a2200325 4500
001 ABS52693
008 090401t1995 xxu||||| |||| 00| 0 eng d
035 _a(Sirsi) u91281
041 _aeng
100 _aButler, J.
245 4 _aThe real estate workout: a positive approach towards the financial management of troubled property: part 2
260 _c1995
350 _a0
490 _aProperty Review
_v5(3) April 1995, 84-88(5)
520 _aSuggests what action a borrower should take when an investment is not making the anticipated returns. This action is referred to as the workout process. For part 1 see Abstract 52460.
650 _aDEBTS
650 _aDISTRESSED PROPERTIES
650 _aFINANCE
650 _aINVESTMENT
650 _aProperty management
_96262
650 _aREAL ESTATE WORKOUT
650 _aTROUBLED PROPERTY
650 _aUNDER-PERFORMANCE
650 _aWORKOUTS
690 _aCOMMERCIAL PROPERTY-MANAGEMENT
690 _aFINANCE AND INVESTMENT
700 _aRatcliffe, J.
942 _n0
948 _c04/03/1997
999 _c57929
_d57929